| 000 | 005070000a22001810004500 | ||
|---|---|---|---|
| 020 | _a0-8091-2425-4 | ||
| 041 | 0 | _aENG | |
| 082 | 0 | 4 | _aG 253 H1741s |
| 100 | 1 | _aHall, Brian P. | |
| 245 | 1 | 0 | _aShepherds and lovers : A guide to spiritual leadership and christian ministry / Brian P. Hall |
| 260 | _aRamsey, New Jersey, USA : Paulist | ||
| 300 | _a75 Pag | ||
| 001 | 6272 | ||
| 942 | _cBK | ||
| 999 |
_c36545 _d36545 |
||
| 336 |
_atexto _btxt _2rdacontent |
||
| 337 |
_2rdamedia _asin mediación _bn |
||
| 338 |
_2rdacarrier _avolumen _bnc |
||